[Event "37. Copenhagen Open (Politiken Cup)"]
[Site "Elsinore"]
[Date "2015.07.25"]
[Round "1"]
[White "Hofmann, Rares"]
[Black "Yilmaz, Kazim"]
[Result "1-0"]
[WhiteElo "2065"]
[BlackElo "1612"]
[PlyCount "109"]
[EventDate "2015.07.25"]
[EventType "swiss"]
[EventRounds "10"]
[EventCountry "DEN"]
[Source "ChessBase"]
[SourceDate "2015.09.14"]

1. g3 g6 2. c4 c5 3. Bg2 Bg7 4. d3 d6 5. Nc3 Nc6 6. e3 e6 7. Nge2 Nge7 8. O-O
O-O 9. Rb1 Rb8 10. a3 a6 11. b4 cxb4 12. axb4 b5 13. cxb5 axb5 14. d4 d5 15.
Qd3 Qb6 16. Rd1 Rd8 17. Nf4 Nf5 18. Bf1 Ba6 19. Qc2 Bh6 20. Nd3 Nd6 21. Nc5 Nc4
22. e4 Bxc1 23. Qxc1 dxe4 24. Nxa6 Qxa6 25. Bxc4 bxc4 26. b5 Qc8 27. bxc6 Rxb1
28. Qxb1 Qxc6 29. Qxe4 Qxe4 30. Nxe4 f5 31. Ng5 Rd6 32. Nf3 h6 33. Ne5 g5 34.
Nxc4 Rd5 35. f4 gxf4 36. gxf4 Kh7 37. Ne3 Rd8 38. d5 exd5 39. Rxd5 Rxd5 40.
Nxd5 Kg6 41. Kf2 Kh5 42. Kf3 Kh4 43. Ne7 Kh3 44. Nxf5 h5 45. Ne7 h4 46. Nf5
Kxh2 47. Nxh4 Kh3 48. Ng2 Kh2 49. f5 Kg1 50. f6 Kf1 51. f7 Kg1 52. f8=Q Kh1 53.
Qg7 Kh2 54. Ne1 Kh3 55. Qh6# 1-0

[Event "37. Copenhagen Open (Politiken Cup)"]
[Site "Elsinore"]
[Date "2015.07.25"]
[Round "1"]
[White "Hoi, Carsten"]
[Black "Haugland, Rasmus L"]
[Result "1-0"]
[WhiteElo "2383"]
[BlackElo "1884"]
[PlyCount "113"]
[EventDate "2015.07.25"]
[EventType "swiss"]
[EventRounds "10"]
[EventCountry "DEN"]
[Source "ChessBase"]
[SourceDate "2015.09.14"]

1. Nf3 Nf6 2. c4 e6 3. Nc3 d5 4. d4 Be7 5. Bg5 O-O 6. e3 b6 7. cxd5 exd5 8. Bd3
Be6 9. Qc2 h6 10. Bxf6 Bxf6 11. O-O Nc6 12. a3 Ne7 13. Rfd1 Bg4 14. Rac1 c6 15.
b4 Rc8 16. Ne2 Qd6 17. Ng3 g6 18. Re1 Bg7 19. Nd2 h5 20. f3 Be6 21. f4 h4 22.
Ngf1 Nf5 23. Nf3 Bd7 24. Qf2 Bf6 25. Bxf5 Bxf5 26. Nxh4 Be4 27. Nd2 Qe7 28.
Nhf3 Bf5 29. Ne5 c5 30. bxc5 bxc5 31. dxc5 Rxc5 32. Rxc5 Qxc5 33. g4 Be6 34.
Ndf3 Kg7 35. f5 Bc8 36. Qb2 Qd6 37. g5 Bxe5 38. Nxe5 Kh7 39. Ng4 gxf5 40. Nf6+
Kg6 41. Qg2 d4 42. Qh3 Kxg5 43. Nh7+ Kg6 44. Nxf8+ Qxf8 45. Qg3+ Kf6 46. exd4
Be6 47. Qh4+ Kg6 48. Kf2 Qh6 49. Qxh6+ Kxh6 50. Kg3 Kg5 51. h4+ Kh5 52. Re5 a6
53. d5 Bc8 54. Re8 Bb7 55. d6 Bc6 56. Re7 f6 57. d7 1-0

[Event "37. Copenhagen Open (Politiken Cup)"]
[Site "Elsinore"]
[Date "2015.07.25"]
[Round "1"]
[White "Hojem, Roger"]
[Black "Molvig, Henrik"]
[Result "0-1"]
[WhiteElo "1738"]
[BlackElo "2157"]
[PlyCount "40"]
[EventDate "2015.07.25"]
[EventType "swiss"]
[EventRounds "10"]
[EventCountry "DEN"]
[Source "ChessBase"]
[SourceDate "2015.09.14"]

1. e4 c5 2. d4 cxd4 3. c3 dxc3 4. Nxc3 Nc6 5. Nf3 d6 6. Bc4 a6 7. O-O Nf6 8.
Qe2 Bg4 9. Rd1 e6 10. Bg5 Be7 11. Rac1 O-O 12. a3 Qa5 13. Bxf6 Bxf6 14. Rxd6
Bxf3 15. Qxf3 Ne5 16. Qe2 Qc5 17. Rdd1 Qxc4 18. Qe3 Qb3 19. f4 Ng4 20. Qe1 Qb6+
0-1

[Event "37. Copenhagen Open (Politiken Cup)"]
[Site "Elsinore"]
[Date "2015.07.25"]
[Round "1"]
[White "Hojgaard, Brandur"]
[Black "Nielsen, Lars Aaes"]
[Result "0-1"]
[WhiteElo "1787"]
[BlackElo "2201"]
[PlyCount "108"]
[EventDate "2015.07.25"]
[EventType "swiss"]
[EventRounds "10"]
[EventCountry "DEN"]
[Source "ChessBase"]
[SourceDate "2015.09.14"]

1. d4 Nf6 2. c4 b6 3. Nc3 Bb7 4. Bg5 e6 5. e4 Bb4 6. a3 Bxc3+ 7. bxc3 Bxe4 8.
f3 Bb7 9. Bd3 d6 10. Nh3 Nbd7 11. O-O h6 12. Bh4 Qe7 13. a4 a5 14. Nf2 g5 15.
Bg3 Nh5 16. Be4 Bxe4 17. Nxe4 f5 18. Nd2 Nxg3 19. hxg3 h5 20. Qe2 O-O 21. g4
hxg4 22. fxg4 Rae8 23. Rae1 f4 24. Kf2 Rf7 25. Rh1 Rh7 26. Qd3 Nf6 27. Kf3 Qg7
28. Ne4 Re7 29. Nxf6+ Qxf6 30. Qe4 Rh6 31. Qa8+ Kg7 32. Qe4 Qg6 33. Qe2 Qh7 34.
Qd1 e5 35. dxe5 dxe5 36. Kf2 Rh2 37. Rxh2 Qxh2 38. Rh1 Qg3+ 39. Kg1 Qe3+ 40.
Kf1 Qxc3 41. Rh3 Qxc4+ 42. Ke1 Qd4 43. Qb3 Qg1+ 44. Ke2 Qxg2+ 45. Ke1 Qg1+ 46.
Ke2 Qxg4+ 47. Ke1 Qe6 48. Qd3 e4 49. Qd4+ Qe5 50. Qd8 Qa1+ 51. Kd2 e3+ 52. Kc2
Qxa4+ 53. Kb1 Qb4+ 54. Ka1 Qe1+ 0-1

[Event "37. Copenhagen Open (Politiken Cup)"]
[Site "Elsinore"]
[Date "2015.07.25"]
[Round "1"]
[White "Holm, Ragnar"]
[Black "Hansen, Anders1"]
[Result "1-0"]
[WhiteElo "2124"]
[BlackElo "1704"]
[PlyCount "43"]
[EventDate "2015.07.25"]
[EventType "swiss"]
[EventRounds "10"]
[EventCountry "DEN"]
[Source "ChessBase"]
[SourceDate "2015.09.14"]

1. c4 c5 2. Nf3 Nc6 3. d4 cxd4 4. Nxd4 e6 5. a3 Qc7 6. Nc3 a6 7. e4 Nf6 8. Be2
b6 9. Be3 Bb7 10. Nb3 Rc8 11. Rc1 Qb8 12. Bxb6 Ne5 13. Qd4 Bxe4 14. Nxe4 Nxe4
15. c5 f5 16. Bxa6 Nc6 17. Qe3 Be7 18. O-O O-O 19. Bxc8 Qxc8 20. Nd4 Ne5 21. f3
Bg5 22. Qe2 1-0

[Event "37. Copenhagen Open (Politiken Cup)"]
[Site "Elsinore"]
[Date "2015.07.25"]
[Round "1"]
[White "Hoyer, Jacob K"]
[Black "Rasdal, Yngve"]
[Result "1-0"]
[WhiteElo "2202"]
[BlackElo "1790"]
[PlyCount "45"]
[EventDate "2015.07.25"]
[EventType "swiss"]
[EventRounds "10"]
[EventCountry "DEN"]
[Source "ChessBase"]
[SourceDate "2015.09.14"]

1. d4 e6 2. c4 f5 3. g3 Nf6 4. Bg2 Be7 5. Nf3 O-O 6. O-O d6 7. Nc3 Ne4 8. Qc2
Nxc3 9. bxc3 Nd7 10. e4 Nb6 11. exf5 Nxc4 12. Qe2 d5 13. fxe6 Bf6 14. h4 h6 15.
Nd2 Nb6 16. Ba3 Re8 17. Bh3 Be7 18. Bxe7 Qxe7 19. f4 Qa3 20. Nb3 Bd7 21. f5 Qd6
22. Qg4 Bb5 23. f6 1-0

[Event "37. Copenhagen Open (Politiken Cup)"]
[Site "Elsinore"]
[Date "2015.07.25"]
[Round "1"]
[White "Huse, Arne Kjelsbol"]
[Black "Liedbeck, Patrik"]
[Result "0-1"]
[WhiteElo "1222"]
[BlackElo "1986"]
[PlyCount "74"]
[EventDate "2015.07.25"]
[EventType "swiss"]
[EventRounds "10"]
[EventCountry "DEN"]
[Source "ChessBase"]
[SourceDate "2015.09.14"]

1. e4 c5 2. Nf3 d6 3. Bb5+ Bd7 4. Bxd7+ Qxd7 5. Nc3 Nc6 6. O-O g6 7. d3 Bg7 8.
Bd2 e6 9. Re1 Nge7 10. Rb1 Rc8 11. a3 Nd4 12. Nxd4 cxd4 13. Ne2 O-O 14. Ng3 Rc7
15. Rc1 Rfc8 16. Re2 b6 17. Bg5 Qb5 18. Bxe7 Rxe7 19. b3 Rec7 20. a4 Qxb3 21.
Ra1 Qb4 22. h3 Rc3 23. Rd2 Ra3 24. Rxa3 Qxa3 25. Qb1 Qxa4 26. Re2 b5 27. Rd2 b4
28. Re2 a5 29. Rd2 Qb5 30. Rd1 Qc5 31. Rc1 Bh6 32. Rd1 Qxc2 33. Qxc2 Rxc2 34.
Ra1 b3 35. Rb1 Rc1+ 36. Rxc1 Bxc1 37. Ne2 b2 0-1

[Event "37. Copenhagen Open (Politiken Cup)"]
[Site "Elsinore"]
[Date "2015.07.25"]
[Round "1"]
[White "Hvenekilde, Jorgen"]
[Black "Morkedal, Oyvind"]
[Result "1-0"]
[WhiteElo "2114"]
[BlackElo "1689"]
[PlyCount "93"]
[EventDate "2015.07.25"]
[EventType "swiss"]
[EventRounds "10"]
[EventCountry "DEN"]
[Source "ChessBase"]
[SourceDate "2015.09.14"]

1. e4 c5 2. Nf3 e6 3. Be2 Nc6 4. O-O d5 5. d3 dxe4 6. dxe4 Qxd1 7. Rxd1 Be7 8.
Nc3 a6 9. Na4 Nf6 10. Nb6 Rb8 11. Bf4 Bd8 12. Bxb8 Bxb6 13. Bf4 Nxe4 14. Nd2
Nd4 15. Bd3 Nf6 16. Nc4 Ba7 17. c3 Nc6 18. Nd6+ Ke7 19. Nxc8+ Rxc8 20. Bg5 h6
21. Bxf6+ gxf6 22. Be4 c4 23. Rd2 Rc7 24. Bxc6 Rxc6 25. Rad1 Rc7 26. Rd8 h5 27.
Rh8 Rc5 28. g3 Rb5 29. Rd2 Bb6 30. Rc8 Bc5 31. Kg2 f5 32. Rc7+ Kf6 33. Rdd7 Bb6
34. Rxf7+ Ke5 35. Rxc4 Rxb2 36. Rf4 Rxa2 37. Rxb7 Be3 38. Rf3 Bg5 39. h4 Bd2
40. Rd7 a5 41. Rfd3 Bc1 42. Kf3 Ba3 43. Rd2 Ra1 44. Rd1 Bb2 45. Rxa1 Bxa1 46.
c4 Bd4 47. Rd8 1-0

[Event "37. Copenhagen Open (Politiken Cup)"]
[Site "Elsinore"]
[Date "2015.07.25"]
[Round "1"]
[White "Jacobsen, Fredrik Beer"]
[Black "Fedchuk, Kirill"]
[Result "1-0"]
[WhiteElo "2071"]
[BlackElo "1631"]
[PlyCount "41"]
[EventDate "2015.07.25"]
[EventType "swiss"]
[EventRounds "10"]
[EventCountry "DEN"]
[Source "ChessBase"]
[SourceDate "2015.09.14"]

1. e4 e5 2. Nf3 Nc6 3. d4 exd4 4. Bc4 Bc5 5. c3 Nf6 6. O-O d6 7. cxd4 Bb6 8.
Nc3 h6 9. h3 O-O 10. Bf4 Na5 11. Bd3 d5 12. e5 Ne8 13. Qc1 f5 14. b4 Nc6 15.
Nxd5 Kh8 16. Nxb6 axb6 17. Bxh6 gxh6 18. Qxh6+ Kg8 19. Bc4+ Rf7 20. Ng5 Ng7 21.
Nxf7 1-0

[Event "37. Copenhagen Open (Politiken Cup)"]
[Site "Elsinore"]
[Date "2015.07.25"]
[Round "1"]
[White "Jacobsen, Heidrikur Tindskar"]
[Black "Schroeder, Jan Christian"]
[Result "0-1"]
[WhiteElo "1902"]
[BlackElo "2461"]
[PlyCount "50"]
[EventDate "2015.07.25"]
[EventType "swiss"]
[EventRounds "10"]
[EventCountry "DEN"]
[Source "ChessBase"]
[SourceDate "2015.09.14"]

1. e4 e5 2. Nf3 Nc6 3. Bc4 Nf6 4. d3 Be7 5. Nc3 d6 6. Be3 Na5 7. h3 O-O 8. Qe2
c6 9. Bg5 b5 10. Bb3 h6 11. Bd2 Re8 12. g4 Nh7 13. d4 Nxb3 14. axb3 Qc7 15. Nd1
exd4 16. Nxd4 Bf6 17. Nf5 d5 18. f3 dxe4 19. fxe4 Bxf5 20. gxf5 Bh4+ 21. Kf1
Nf6 22. Qf3 Nxe4 23. Bf4 Qd7 24. Qg4 Bg5 25. Rg1 Nf6 0-1

[Event "37. Copenhagen Open (Politiken Cup)"]
[Site "Elsinore"]
[Date "2015.07.25"]
[Round "1"]
[White "Jacobsen, Per"]
[Black "Nielsen, Jorgen Lovgren"]
[Result "0-1"]
[WhiteElo "1680"]
[BlackElo "2106"]
[PlyCount "66"]
[EventDate "2015.07.25"]
[EventType "swiss"]
[EventRounds "10"]
[EventCountry "DEN"]
[Source "ChessBase"]
[SourceDate "2015.09.14"]

1. b3 e5 2. Bb2 Nc6 3. e3 g6 4. Nf3 Bg7 5. Be2 Nge7 6. c4 O-O 7. O-O e4 8. Bxg7
exf3 9. Bxf3 Kxg7 10. Nc3 Ne5 11. Be2 d5 12. d4 N5c6 13. Rc1 Be6 14. Na4 b6 15.
Nc3 Na5 16. cxd5 Nxd5 17. e4 Nxc3 18. Rxc3 Qd6 19. d5 Bd7 20. Qd4+ f6 21. b4
Nb7 22. Ba6 c5 23. Qe3 cxb4 24. Rc2 Nc5 25. Be2 Rfe8 26. Bf3 Re5 27. Qd4 b3 28.
Rb2 bxa2 29. Rxa2 a5 30. Rb1 Rae8 31. g3 a4 32. Bg2 Nb3 33. Qe3 Rxe4 0-1

[Event "37. Copenhagen Open (Politiken Cup)"]
[Site "Elsinore"]
[Date "2015.07.25"]
[Round "1"]
[White "Jarve, Edvin"]
[Black "Nielsen, Jan Mose"]
[Result "0-1"]
[WhiteElo "1637"]
[BlackElo "2074"]
[PlyCount "78"]
[EventDate "2015.07.25"]
[EventType "swiss"]
[EventRounds "10"]
[EventCountry "DEN"]
[Source "ChessBase"]
[SourceDate "2015.09.14"]

1. d4 d5 2. c4 c6 3. Nf3 Nf6 4. e3 a6 5. Bd3 e6 6. Nc3 dxc4 7. Bxc4 b5 8. Bd3
Bb7 9. O-O Nbd7 10. b3 Qc7 11. Bb2 b4 12. Ne2 c5 13. Ng3 h5 14. Qc2 Rc8 15.
Rac1 Bd6 16. Ne4 Nxe4 17. Bxe4 O-O 18. Bxb7 Qxb7 19. Qe2 cxd4 20. Nxd4 g6 21.
Rfd1 Be5 22. Nf3 Bxb2 23. Qxb2 Nb6 24. a3 Nd5 25. axb4 Qxb4 26. Ra1 Nc3 27. Rd4
Qb6 28. Kh1 Rc7 29. Ne5 Qb5 30. Nc4 Nd5 31. Ra5 Qb4 32. Ra1 Rfc8 33. Rc1 Rxc4
34. Rdxc4 Rxc4 35. Rd1 Rc8 36. h3 Rb8 37. Qd4 Qxd4 38. Rxd4 Rxb3 39. Ra4 Rb6
0-1

[Event "37. Copenhagen Open (Politiken Cup)"]
[Site "Elsinore"]
[Date "2015.07.25"]
[Round "1"]
[White "Jensen, Jonbert"]
[Black "Henrichsen, Jens"]
[Result "1/2-1/2"]
[WhiteElo "1569"]
[BlackElo "2047"]
[PlyCount "57"]
[EventDate "2015.07.25"]
[EventType "swiss"]
[EventRounds "10"]
[EventCountry "DEN"]
[Source "ChessBase"]
[SourceDate "2015.09.14"]

1. e4 c5 2. Nf3 d6 3. Nc3 a6 4. d4 cxd4 5. Nxd4 Nf6 6. Be2 e6 7. O-O Be7 8. a4
Nc6 9. Nxc6 bxc6 10. b3 O-O 11. Bd3 e5 12. h3 Bb7 13. Qe2 Qc7 14. Be3 d5 15.
Bd2 Rfe8 16. Bg5 Nxe4 17. Nxe4 Bxg5 18. Nxg5 e4 19. Nxe4 dxe4 20. Bc4 a5 21.
Rad1 Re7 22. Qe3 Rae8 23. Rd2 Bc8 24. Qc5 Re5 25. Qd6 Qb6 26. Qd4 c5 27. Qd6
Qxd6 28. Rxd6 Be6 29. Bxe6 1/2-1/2

[Event "37. Copenhagen Open (Politiken Cup)"]
[Site "Elsinore"]
[Date "2015.07.25"]
[Round "1"]
[White "Jensen, Thore Nyboe"]
[Black "Sateren, Erlend"]
[Result "1-0"]
[WhiteElo "2008"]
[BlackElo "1400"]
[PlyCount "65"]
[EventDate "2015.07.25"]
[EventType "swiss"]
[EventRounds "10"]
[EventCountry "DEN"]
[Source "ChessBase"]
[SourceDate "2015.09.14"]

1. e4 c5 2. Nf3 Nc6 3. c3 a6 4. d4 cxd4 5. cxd4 e6 6. d5 exd5 7. exd5 Bb4+ 8.
Nc3 Nce7 9. Qd4 Bxc3+ 10. bxc3 f6 11. d6 Nc6 12. Qe4+ Kf8 13. Bd3 Qe8 14. O-O
Qxe4 15. Bxe4 b5 16. a4 Rb8 17. axb5 axb5 18. Bf4 g5 19. Bg3 Nh6 20. Bxc6 Nf5
21. Bd5 Kg7 22. Nd4 Nxd4 23. cxd4 Bb7 24. Bxb7 Rxb7 25. Rfc1 b4 26. Rc7 Rbb8
27. Rxd7+ Kg6 28. Kf1 b3 29. Rb1 b2 30. Ke2 Rhe8+ 31. Kd2 Rb4 32. Kc3 Rb6 33.
Rxb2 1-0

[Event "37. Copenhagen Open (Politiken Cup)"]
[Site "Elsinore"]
[Date "2015.07.25"]
[Round "1"]
[White "Jensen, Tommy"]
[Black "Olofsson Dolk, Mattis"]
[Result "0-1"]
[WhiteElo "1821"]
[BlackElo "2253"]
[PlyCount "28"]
[EventDate "2015.07.25"]
[EventType "swiss"]
[EventRounds "10"]
[EventCountry "DEN"]
[Source "ChessBase"]
[SourceDate "2015.09.14"]

1. Nf3 Nf6 2. d4 g6 3. Bf4 Bg7 4. e3 d5 5. c4 O-O 6. Nc3 c5 7. Be2 cxd4 8. exd4
dxc4 9. Bxc4 Bg4 10. Be2 Nd5 11. Bxb8 Rxb8 12. O-O Nf4 13. Ne5 Bxe2 14. Nxe2
Bxe5 0-1

[Event "37. Copenhagen Open (Politiken Cup)"]
[Site "Elsinore"]
[Date "2015.07.25"]
[Round "1"]
[White "Johansson, Linus"]
[Black "Rasmussen, Morten(1956)"]
[Result "1-0"]
[WhiteElo "2379"]
[BlackElo "1879"]
[PlyCount "99"]
[EventDate "2015.07.25"]
[EventType "swiss"]
[EventRounds "10"]
[EventCountry "DEN"]
[Source "ChessBase"]
[SourceDate "2015.09.14"]

1. d4 f5 2. g3 Nf6 3. Bg2 g6 4. Nf3 Bg7 5. O-O O-O 6. b3 d6 7. Bb2 c6 8. Nbd2
Qe8 9. a4 h6 10. a5 Be6 11. c4 Bf7 12. Qc2 d5 13. Ne5 Ne4 14. Nxe4 dxe4 15. f3
exf3 16. exf3 Nd7 17. f4 Nxe5 18. dxe5 Qd8 19. Rfd1 Qc7 20. Bd4 Rfd8 21. Qf2
Rac8 22. Bc5 Rxd1+ 23. Rxd1 Qxa5 24. Bxe7 Be6 25. Qd4 Bf8 26. Bxf8 Kxf8 27. Ra1
Qb4 28. Qd6+ Qxd6 29. exd6 a6 30. c5 Re8 31. Ra4 Kf7 32. Rb4 Bc8 33. Kf2 Ke6
34. Bf3 Kd7 35. Be2 Kd8 36. Bd3 Re6 37. Rd4 Bd7 38. Bc4 Rf6 39. Rd3 Kc8 40. b4
Kd8 41. Re3 Rf8 42. Re5 Rf6 43. Ke3 Kc8 44. Re7 Kd8 45. Rf7 Rxf7 46. Bxf7 Be8
47. Bxe8 Kxe8 48. Kd4 Kf8 49. Ke5 Kf7 50. h3 1-0

[Event "37. Copenhagen Open (Politiken Cup)"]
[Site "Elsinore"]
[Date "2015.07.25"]
[Round "1"]
[White "Jorgensen, Alexander Torp"]
[Black "Haldorsen, Benjamin"]
[Result "0-1"]
[WhiteElo "1842"]
[BlackElo "2302"]
[PlyCount "114"]
[EventDate "2015.07.25"]
[EventType "swiss"]
[EventRounds "10"]
[EventCountry "DEN"]
[Source "ChessBase"]
[SourceDate "2015.09.14"]

1. c4 g6 2. Nf3 Nf6 3. g3 Bg7 4. Bg2 O-O 5. O-O d6 6. Nc3 Nc6 7. d3 e5 8. a3 a5
9. Rb1 Nd4 10. b4 axb4 11. axb4 c6 12. Bg5 h6 13. Bxf6 Bxf6 14. b5 Bg7 15. Nxd4
exd4 16. bxc6 bxc6 17. Bxc6 Ra6 18. Bb5 dxc3 19. Bxa6 Bxa6 20. Qa4 Bc8 21. e3
d5 22. Rbc1 Qf6 23. cxd5 Bh3 24. Rfe1 Rd8 25. Qf4 Qxf4 26. gxf4 Rc8 27. Rc2 Bf5
28. Rd1 Bd7 29. Rdc1 Ba4 30. Ra2 Bb5 31. d4 Bf8 32. f3 Bd3 33. Kf2 Bd6 34. h4
c2 35. Ra4 Rb8 36. Ra2 Rb1 37. Raxc2 Bxc2 38. Rxc2 Rb5 39. Rc6 Be7 40. d6 Bxh4+
41. Ke2 Rb8 42. e4 h5 43. e5 Bg3 44. Ke3 Kf8 45. d5 h4 46. e6 h3 47. d7 Rd8 48.
Rc8 Bh4 49. Rc2 fxe6 50. dxe6 Bg3 51. Ke4 h2 52. Rc1 Ke7 53. f5 Bf2 54. Rh1 Bg1
55. f4 Kd6 56. fxg6 Kxe6 57. f5+ Kf6 0-1

[Event "37. Copenhagen Open (Politiken Cup)"]
[Site "Elsinore"]
[Date "2015.07.25"]
[Round "1"]
[White "Jorgensen, Dennis"]
[Black "Gough, Rod"]
[Result "1-0"]
[WhiteElo "2253"]
[BlackElo "1822"]
[PlyCount "67"]
[EventDate "2015.07.25"]
[EventType "swiss"]
[EventRounds "10"]
[EventCountry "DEN"]
[Source "ChessBase"]
[SourceDate "2015.09.14"]

1. d4 g6 2. Nf3 Bg7 3. g3 d6 4. Bg2 Nf6 5. O-O O-O 6. c4 Nbd7 7. Nc3 e5 8. e4
h6 9. h3 Re8 10. Re1 exd4 11. Nxd4 Ne5 12. b3 Nc6 13. Be3 Kh7 14. Qd2 Bd7 15.
Rad1 Qc8 16. Nxc6 Bxc6 17. Bd4 Nh5 18. Kh2 Bxd4 19. Qxd4 Ng7 20. f4 a6 21. b4
b5 22. Nd5 Bxd5 23. cxd5 Qd7 24. Rc1 a5 25. Re2 axb4 26. Rec2 Rec8 27. Qxb4 Ra4
28. Qb2 Ne8 29. e5 Rca8 30. e6 Qe7 31. Qxb5 Rxa2 32. Rxa2 Rxa2 33. Qd7 Qf6 34.
Qxf7+ 1-0

[Event "37. Copenhagen Open (Politiken Cup)"]
[Site "Elsinore"]
[Date "2015.07.25"]
[Round "1"]
[White "Jorgensen, Morten"]
[Black "Frisvold, Ole Emil"]
[Result "0-1"]
[WhiteElo "1602"]
[BlackElo "2063"]
[PlyCount "96"]
[EventDate "2015.07.25"]
[EventType "swiss"]
[EventRounds "10"]
[EventCountry "DEN"]
[Source "ChessBase"]
[SourceDate "2015.09.14"]

1. d4 f5 2. c4 Nf6 3. Nc3 g6 4. Nf3 Bg7 5. e3 O-O 6. Be2 d6 7. O-O Nbd7 8. Ng5
Nb6 9. c5 Nbd5 10. Nxd5 Nxd5 11. Qb3 e6 12. Nf3 Qe7 13. cxd6 cxd6 14. Bd2 Rb8
15. Rac1 Bd7 16. Bc4 Nb6 17. Be2 Be8 18. Ba5 Nd5 19. Bc4 b6 20. Bxd5 exd5 21.
Bb4 Bf7 22. Qa3 Rfd8 23. Rc6 Bf8 24. Rfc1 Rb7 25. Ne5 a5 26. Nxf7 axb4 27. Qxb4
Kxf7 28. Rxb6 Rdb8 29. Rxb7 Qxb7 30. Qxb7+ Rxb7 31. b3 Ke6 32. Kf1 Kd7 33. Ke2
Rc7 34. Rxc7+ Kxc7 35. Kd3 Kb6 36. Kc3 Kb5 37. a4+ Ka5 38. h3 h5 39. f3 Be7 40.
Kd3 Kb4 41. e4 Bd8 42. e5 Kxb3 43. a5 Bxa5 44. e6 Bd8 45. Ke3 Kc3 46. g4 hxg4
47. hxg4 fxg4 48. fxg4 g5 0-1

[Event "37. Copenhagen Open (Politiken Cup)"]
[Site "Elsinore"]
[Date "2015.07.25"]
[Round "1"]
[White "Jorgensen, Orla Eilegaard"]
[Black "Heinis, Vincent"]
[Result "0-1"]
[WhiteElo "1656"]
[BlackElo "2094"]
[PlyCount "46"]
[EventDate "2015.07.25"]
[EventType "swiss"]
[EventRounds "10"]
[EventCountry "DEN"]
[Source "ChessBase"]
[SourceDate "2015.09.14"]

1. e4 c5 2. c3 Nf6 3. e5 Nd5 4. Nf3 Nc6 5. d4 cxd4 6. cxd4 d6 7. Bc4 Nb6 8. Bb3
dxe5 9. d5 Na5 10. Nc3 Nxb3 11. Qxb3 e6 12. dxe6 Bxe6 13. Qb5+ Qd7 14. Qxe5 Bd6
15. Qe4 O-O 16. O-O Rfe8 17. Qh4 Rac8 18. Bf4 Rc4 19. Ne2 Bd5 20. Nfd4 Bxf4 21.
Qxf4 Rxe2 22. Qb8+ Re8 23. Qxa7 Nc8 0-1

[Event "37. Copenhagen Open (Politiken Cup)"]
[Site "Elsinore"]
[Date "2015.07.25"]
[Round "1"]
[White "Kaasen, Tor Fredrik"]
[Black "Jensen, Hans Askov"]
[Result "1-0"]
[WhiteElo "2026"]
[BlackElo "1473"]
[PlyCount "31"]
[EventDate "2015.07.25"]
[EventType "swiss"]
[EventRounds "10"]
[EventCountry "DEN"]
[Source "ChessBase"]
[SourceDate "2015.09.14"]

1. e4 e5 2. Nf3 Nc6 3. d4 exd4 4. Bc4 Bb4+ 5. Bd2 Nf6 6. Bxb4 Nxb4 7. e5 Qe7 8.
O-O Nfd5 9. a3 Qc5 10. Nbd2 Nc6 11. b4 Ndxb4 12. axb4 Qxb4 13. Ng5 O-O 14. Qh5
h6 15. Bxf7+ Kh8 16. Qg6 1-0

[Event "37. Copenhagen Open (Politiken Cup)"]
[Site "Elsinore"]
[Date "2015.07.25"]
[Round "1"]
[White "Kakulidis, Ellen"]
[Black "Eriksson, Christian Altenburg"]
[Result "0-1"]
[WhiteElo "1770"]
[BlackElo "2175"]
[PlyCount "66"]
[EventDate "2015.07.25"]
[EventType "swiss"]
[EventRounds "10"]
[EventCountry "DEN"]
[Source "ChessBase"]
[SourceDate "2015.09.14"]

1. d4 d5 2. Nf3 Nf6 3. c4 dxc4 4. e3 a6 5. a4 e6 6. Bxc4 c5 7. O-O Nc6 8. Nc3
Be7 9. Ne2 O-O 10. Bd2 Bd7 11. Qb1 Rc8 12. dxc5 Bxc5 13. b4 Bd6 14. Bd3 Qe7 15.
b5 axb5 16. Bxb5 e5 17. Rd1 Bg4 18. Ne1 Na7 19. Kf1 Nxb5 20. axb5 Rfe8 21. Ra4
Be6 22. Bb4 Bxb4 23. Rxb4 Bc4 24. Rd2 Ne4 25. Rdb2 Bxe2+ 26. Rxe2 Nc3 27. Qb2
Nxe2 28. Kxe2 Qc5 29. Rh4 Rcd8 30. Qb1 g6 31. Re4 Rd5 32. Qb2 Qxb5+ 33. Nd3
Qxd3+ 0-1

[Event "37. Copenhagen Open (Politiken Cup)"]
[Site "Elsinore"]
[Date "2015.07.25"]
[Round "1"]
[White "Kollars, Dmitrij"]
[Black "Nordin, Eric"]
[Result "1-0"]
[WhiteElo "2437"]
[BlackElo "1899"]
[PlyCount "55"]
[EventDate "2015.07.25"]
[EventType "swiss"]
[EventRounds "10"]
[EventCountry "DEN"]
[Source "ChessBase"]
[SourceDate "2015.09.14"]

1. c4 c5 2. g3 Nc6 3. Bg2 Nf6 4. Nc3 g6 5. e4 Bg7 6. Nge2 O-O 7. d3 d6 8. a3 a5
9. O-O e5 10. h3 Be6 11. Nd5 Bxd5 12. cxd5 Nd4 13. f4 Qb6 14. Nxd4 cxd4 15. f5
Rac8 16. h4 Qc5 17. Bh3 Rc7 18. Bg5 h6 19. Rc1 Qb6 20. Rxc7 Qxc7 21. Bd2 h5 22.
Qa4 Qb6 23. b3 Ra8 24. Bg5 Rf8 25. Bxf6 Bxf6 26. fxg6 fxg6 27. Be6+ Kh8 28.
Rxf6 1-0

[Event "37. Copenhagen Open (Politiken Cup)"]
[Site "Elsinore"]
[Date "2015.07.25"]
[Round "1"]
[White "Kristensen, Thomas Overgaard"]
[Black "Carnstam, Tomas"]
[Result "0-1"]
[WhiteElo "1545"]
[BlackElo "2034"]
[PlyCount "74"]
[EventDate "2015.07.25"]
[EventType "swiss"]
[EventRounds "10"]
[EventCountry "DEN"]
[Source "ChessBase"]
[SourceDate "2015.09.14"]

1. d4 d5 2. c4 c6 3. Nc3 Nf6 4. Nf3 dxc4 5. e4 b5 6. a4 b4 7. e5 bxc3 8. exf6
cxb2 9. fxg7 bxa1=Q 10. gxh8=Q Qa5+ 11. Nd2 Q5c3 12. Bxc4 Qcxc1 13. Bxf7+ Kxf7
14. Qxh7+ Bg7 15. Qhh5+ Kf8 16. O-O Qxd1 17. Rxd1 Qxa4 18. Ne4 Be6 19. Ng5 Bd5
20. Nh7+ Kg8 21. Qe8+ Kxh7 22. Qh5+ Bh6 23. Re1 Qb4 24. Qf5+ Kh8 25. Qe5+ Kg8
26. Qg3+ Bg7 27. f3 Qxd4+ 28. Kh1 e5 29. Rb1 Nd7 30. h3 Qf4 31. Qg6 Nc5 32. Qd6
Nd3 33. Rb7 Nf2+ 34. Kg1 Nxh3+ 35. gxh3 Qg3+ 36. Kf1 Bc4+ 37. Qd3 Bxd3# 0-1

[Event "37. Copenhagen Open (Politiken Cup)"]
[Site "Elsinore"]
[Date "2015.07.25"]
[Round "1"]
[White "Kristiansen, Jens"]
[Black "Lunde, Sigmund"]
[Result "1-0"]
[WhiteElo "2423"]
[BlackElo "1898"]
[PlyCount "95"]
[EventDate "2015.07.25"]
[EventType "swiss"]
[EventRounds "10"]
[EventCountry "DEN"]
[Source "ChessBase"]
[SourceDate "2015.09.14"]

1. d4 d5 2. c4 c6 3. Nf3 Nf6 4. Nc3 e6 5. g3 Be7 6. Bg2 O-O 7. O-O Nbd7 8. Qc2
b6 9. Rd1 Bb7 10. b3 Rc8 11. Bb2 Bd6 12. e4 Nxe4 13. Nxe4 dxe4 14. Qxe4 Qe7 15.
Ne5 Nxe5 16. dxe5 Bc5 17. Rd3 Rfd8 18. Rad1 Ba8 19. h4 b5 20. cxb5 Rxd3 21.
Qxd3 cxb5 22. Bxa8 Rxa8 23. Qxb5 Bb6 24. Rd7 Qe8 25. Qd3 h5 26. Ba3 Qc8 27. Qf3
Qxd7 28. Qxa8+ Kh7 29. Qe4+ g6 30. Bd6 Qb5 31. Qc4 Qa5 32. b4 Qa4 33. Qf4 Kg7
34. Qd2 Qc6 35. Qd1 Qc3 36. Kf1 Bd4 37. Qe2 Qc1+ 38. Kg2 Qc6+ 39. Qf3 Qc2 40.
a3 a6 41. a4 Qxa4 42. Qe4 Qa1 43. Qa8 Bxe5 44. Qf8+ Kf6 45. Be7+ Kf5 46. Qxf7+
Ke4 47. Qxg6+ Kd5 48. Qxh5 1-0